Genoveva de Brabante / (Registro nro. 40105)
[ vista simple ]
| 000 -LEADER | |
|---|---|
| fixed length control field | 01305cam a2200325 i 4500 |
| 001 - CONTROL NUMBER | |
| control field | 40105 |
| 003 - CONTROL NUMBER IDENTIFIER | |
| control field | Mx-PuUPA |
| 005 - DATE AND TIME OF LATEST TRANSACTION | |
| control field | 20250404124318.0 |
| 008 - FIXED-LENGTH DATA ELEMENTS--GENERAL INFORMATION | |
| fixed length control field | 140415s1965 mx a gr 000 f spa d |
| 040 ## - CATALOGING SOURCE | |
| Transcribing agency | Mx-PuUPA |
| Original cataloging agency | Mx-PuUPA |
| Language of cataloging | spa |
| Modifying agency | Mx-PuUPA |
| Description conventions | rda |
| 041 1# - LANGUAGE CODE | |
| Language code of text/sound track or separate title | spa |
| Language code of original | ger |
| 100 1# - MAIN ENTRY--PERSONAL NAME | |
| Personal name | Schmid, Christoph von, |
| Dates associated with a name | 1768-1854 |
| 9 (RLIN) | 16878 |
| Relator term | autor |
| 240 10 - UNIFORM TITLE | |
| Uniform title | [Genovefa. Eine der schönsten und rührendsten Geschichten des Alterthums, neuerzählt für alle guten Menschen, besonders für Mütter und Kinder]. |
| Language of a work | Español |
| 245 10 - TITLE STATEMENT | |
| Title | Genoveva de Brabante / |
| Statement of responsibility, etc. | Canónigo J. Cristóbal Schmid |
| 250 ## - EDITION STATEMENT | |
| Edition statement | Edición mexicana |
| 264 #1 - PRODUCTION, PUBLICATION, DISTRIBUTION, MANUFACTURE, AND COPYRIGHT NOTICE | |
| Place of production, publication, distribution, manufacture | México, D.F. : |
| Name of producer, publisher, distributor, manufacturer | Lito Ediciones Olimpia, |
| Date of production, publication, distribution, manufacture, or copyright notice | ©1965 |
| 300 ## - PHYSICAL DESCRIPTION | |
| Extent | 255 páginas ; |
| Dimensions | 18 cm |
| 336 ## - CONTENT TYPE | |
| Fuente | rdacontent |
| Content type term | texto |
| Content type code | txt |
| 337 ## - MEDIA TYPE | |
| Source | rdamedia |
| Media type term | sin medio |
| Media type code | n |
| 338 ## - CARRIER TYPE | |
| Source | rdacarrier |
| Carrier type term | volumen |
| Carrier type code | nc |
| 650 #7 - SUBJECT ADDED ENTRY--TOPICAL TERM | |
| Source of heading or term | armarc |
| Topical term or geographic name entry element | Literatura alemana |
| 655 #7 - INDEX TERM--GENRE/FORM | |
| Genre/form data or focus term | Novela alemana |
| 655 #7 - INDEX TERM--GENRE/FORM | |
| Genre/form data or focus term | Novela juvenil |
| 765 ## - ORIGINAL LANGUAGE ENTRY | |
| Main entry heading | Schmid, J. Cristóbal |
| Title | [Genovefa. Eine der schönsten und rührendsten Geschichten des Alterthums, neuerzählt für alle guten Menschen, besonders für Mütter und Kinder] |
| 942 ## - ADDED ENTRY ELEMENTS (KOHA) | |
| Source of classification or shelving scheme | Dewey Decimal Classification |
| Koha item type | Libro |
| Classification part | 833 |
| Item part | C2818 |
| 260 ## - PUBLICATION, DISTRIBUTION, ETC. | |
| Place of publication, distribution, etc. | |
| Name of publisher, distributor, etc. | |
| Date of publication, distribution, etc. | |
| Withdrawn status | Lost status | Source of classification or shelving scheme | Damaged status | Not for loan | Collection code | Home library | Current library | Shelving location | Date acquired | Source of acquisition | Cost, normal purchase price | Total Checkouts | Full call number | Barcode | Date last seen | Cost, replacement price | Koha item type |
|---|---|---|---|---|---|---|---|---|---|---|---|---|---|---|---|---|---|
| Dewey Decimal Classification | General | Biblioteca Karol Wojtyla | Biblioteca Karol Wojtyla | Sala general | 01/01/2022 | Donación | 0.00 | 833 C2818 1965 | 60198 | 05/01/2026 | 0.00 | Libro |